| 000 | 00715nam a2200241 i 4500 | ||
|---|---|---|---|
| 001 | C2-0286749 | ||
| 003 | PPAK | ||
| 005 | 20180728020135.0 | ||
| 008 | 080129s2006 enka|||| ||||| | eng d | ||
| 020 | _a1845092309 | ||
| 040 |
_aPPAK _beng _cPPAK _erda |
||
| 082 | 0 | 4 |
_a641.5635 _223 |
| 090 | 0 | 0 |
_a641.5635 _bMOR _dR |
| 100 | 1 |
_aMorgan, Paul, _eauthor |
|
| 245 | 1 | 0 | _aCancer prevention cookbook |
| 264 | 1 |
_aLeicester : _bSilverdale Books , _c2006 |
|
| 300 |
_a127 pages : _bcolour illustrations ; _c28 cm |
||
| 336 |
_2rdacontent _atext |
||
| 337 |
_2rdamedia _aunmediated |
||
| 338 |
_2rdacarrier _avolume |
||
| 650 | 1 | 0 | _aCancer - Diet therapy - Recipes ; Cancer - Prevention - Popular works |
| 942 |
_ddc _cB |
||
| 999 |
_c92471 _d92471 |
||